[Event "Stay Safe Play From Home 292"]
[Site "Emanuel Lasker Arena"]
[Date "2020.07.10"]
[Round "9"]
[White "Haris kollari 13"]
[Black "Edmatuag"]
[Result "1-0"]
[WhiteElo "1704"]
[BlackElo "1636"]
[Annotator "NA"]
[PlyCount "69"]
[EventDate "2020.07.10"]
[EventType "swiss (blitz)"]

1. e4 {[%emt 0:00:01]} e6 {[%emt 0:00:01]} 2. f4 {[%emt 0:00:01]} d5 {[%emt 0:00:00]} 3. e5 {[%emt 0:00:00]} c5 {[%emt 0:00:01]} 4. c3 {[%emt 0:00:01]} Nc6 {[%emt 0:00:00]} 5. d4 {[%emt 0:00:01]} Qb6 {[%emt 0:00:00]} 6. Nf3 {[%emt 0:00:01]} Bd7 {[%emt 0:00:03]} 7. b3 {[%emt 0:00:01]} Nge7 {[%emt 0:00:02]} 8. Bb2 {[%emt 0:00:03]} Nf5 {[%emt 0:00:01]} 9. Bd3 {[%emt 0:00:01]} cxd4 {[%emt 0:00:01]} 10. Bxf5 {[%emt 0:00:02]} exf5 {[%emt 0:00:01]} 11. cxd4 {[%emt 0:00:01]} Bb4+ {[%emt 0:00:01]} 12. Nbd2 {[%emt 0:00:01]} Rc8 {[%emt 0:00:05]} 13. O-O {[%emt 0:00:01]} O-O {[%emt 0:00:02]} 14. Ng5 {[%emt 0:00:02]} f6 {[%emt 0:00:04]} 15. Ngf3 {[%emt 0:00:03]} fxe5 {[%emt 0:00:03]} 16. fxe5 {[%emt 0:00:01]} g6 {[%emt 0:00:01]} 17. Kh1 {[%emt 0:00:01]} Nd8 {[%emt 0:00:04]} 18. a3 {[%emt 0:00:04]} Bxd2 {[%emt 0:00:02]} 19. Qxd2 {[%emt 0:00:01]} Ne6 {[%emt 0:00:00]} 20. b4 {[%emt 0:00:02]} Bb5 {[%emt 0:00:01]} 21. Rfc1 {[%emt 0:00:03]} Rc4 {[%emt 0:00:03]} 22. Rxc4 {[%emt 0:00:01]} Bxc4 {[%emt 0:00:04]} 23. Rc1 {[%emt 0:00:01]} Qa6 {[%emt 0:00:04]} 24. h4 {[%emt 0:00:05]} b5 {[%emt 0:00:02]} 25. h5 {[%emt 0:00:01]} Ng7 {[%emt 0:00:04]} 26. hxg6 {[%emt 0:00:01]} Qxg6 {[%emt 0:00:02]} 27. a4 {[%emt 0:00:04]} a6 {[%emt 0:00:02]} 28. axb5 {[%emt 0:00:01]} axb5 {[%emt 0:00:00]} 29. Ra1 {[%emt 0:00:01]} Qh5+ {[%emt 0:00:00]} 30. Kg1 {[%emt 0:00:02]} Qg4 {[%emt 0:00:00]} 31. Ra7 {[%emt 0:00:02]} Nh5 {[%emt 0:00:00]} 32. Qh6 {[%emt 0:00:02]} Qg6 {[%emt 0:00:02]} 33. Qxg6+ {[%emt 0:00:03]} hxg6 {[%emt 0:00:00]} 34. Ng5 {[%emt 0:00:01]} Nf4 {[%emt 0:00:01]} 35. e6 {[%emt 0:00:01] Time (Lag: Av=0.51s, max=0.6s)} 1-0

[Event "Stay Safe Play From Home 292"]
[Site "Emanuel Lasker Arena"]
[Date "2020.07.10"]
[Round "9"]
[White "UHU4"]
[Black "Little champs"]
[Result "0-1"]
[WhiteElo "1448"]
[BlackElo "2268"]
[Annotator "TA"]
[PlyCount "62"]
[EventDate "2020.07.10"]
[EventType "swiss (blitz)"]

{[%evp 9,62,-40,0,-2,9,-43,1,-14,26,-12,47,21,19,-78,-74,-93,-89,-125,-29,-36,210,215,309,279,288,300,284,222,256,236,243,-156,-160,-315,-314,-955,-945,-941,-946,-1141,-1128,-1973,-1947,-1965,-1944,-1969,-1886,-5965,-5413,-29992,-29993,-29993,-29994,-29995,-29995]} 1. g4 c6 2. Bg2 d5 3. c4 e6 4. Qb3 Nf6 5. h3 {[#]} h5 $146 ({Predecessor:} 5... Bc5 6. e3 Nbd7 7. Ne2 dxc4 8. Qc2 Ne5 9. O-O Qd3 10. Qxd3 Nxd3 11. Nbc3 O-O {½-½ (31) Soulie,C (2073)-Cohnen,M (1809) Brest 2012}) 6. g5 $1 {[%cal Rg5f6] A00: Irregular Openings.} Nfd7 7. d3 (7. Nf3 $11) 7... Nc5 8. Qc2 {The position is equal.} Nba6 9. a3 Be7 ({Better is} 9... e5 $11) 10. b4 Nd7 11. Nc3 (11. h4 $11) 11... Bxg5 $17 12. e3 Bf6 13. b5 Nac5 (13... cxb5 $17 {Hoping for ...b4.} 14. cxb5 Nc7) 14. d4 $11 Na4 $2 (14... dxc4 $15 {keeps the upper hand.} 15. dxc5 cxb5) 15. Nxa4 $18 dxc4 (15... cxb5 $142 16. cxb5 Nb6) 16. Qxc4 cxb5 17. Qxb5 a6 18. Qc4 Rb8 {With the idea ...b5.} 19. Nc5 b5 20. Qd3 $2 ({White should play} 20. Qc2 $18) 20... Nxc5 $17 {[%mdl 64] [#] Pin} 21. Bc6+ $2 (21. Qc2 $17 {might work better.} Bb7 22. Bxb7 Nxb7 23. Qc6+ Qd7 24. Qxd7+ Kxd7 25. Nf3) 21... Bd7 $19 22. dxc5 $2 (22. Bxd7+ Qxd7 23. Qc2) 22... Bxc6 23. Qxd8+ Rxd8 24. f3 Bxa1 25. Ke2 {[#]} b4 $1 26. axb4 Bb5+ 27. Kf2 Rd1 28. Ne2 Rxh1 29. Bd2 Rh2+ {Black mates.} 30. Kf1 Rxe2 31. Bc3 Rc2+ {Accuracy: White = 29%, Black = 39%.} 0-1

[Event "Stay Safe Play From Home 292"]
[Site "Emanuel Lasker Arena"]
[Date "2020.07.10"]
[Round "9"]
[White "Klasman"]
[Black "Haxhi Baha"]
[Result "0-1"]
[WhiteElo "1357"]
[BlackElo "2001"]
[Annotator "TA"]
[PlyCount "54"]
[EventDate "2020.07.10"]
[EventType "swiss (blitz)"]

{[%evp 9,54,27,190,177,193,133,165,152,225,222,232,239,233,101,109,89,97,0,713,509,495,-66,-30,-110,-141,-159,-125,-282,-275,-460,-450,-435,-231,-229,-231,-218,-218,-241,-195,-255,-247,-310,-308,-372,-384,-385,-368]} 1. f4 e5 2. fxe5 d6 3. Nf3 Bg4 4. e4 dxe5 5. Bc4 Bc5 $2 {[#]} (5... Nc6 $11 {and Black stays safe.}) 6. Bxf7+ $1 $18 {[%mdl 512] A02: Bird's Opening.} Kf8 (6... Kxf7 7. Nxe5+) 7. c3 (7. Bc4 $18) 7... Nf6 {[#]} 8. Bb3 $146 {White is clearly better.} ({Predecessor:} 8. Bc4 Nxe4 9. Rf1 Nf2 10. Rxf2 Bxf2+ 11. Kxf2 e4 12. h3 Bh5 13. g4 exf3 14. Qxf3+ {1-0 (59) Szijarto,A (2083)-Weisz,T (1954) Hungary 2011}) 8... Nxe4 (8... Ke8 $16 9. h3 Bxf3 10. Qxf3 Rf8) 9. d4 exd4 10. cxd4 Bb4+ 11. Nc3 (11. Nbd2 $18 {and the rest is easy.}) 11... Nxc3 $16 12. bxc3 Bxc3+ {[%mdl 64] [#] Double Attack} 13. Bd2 ({White should play} 13. Kf2 $16 Qd6 14. Rb1) 13... Bxa1 $2 {[%mdl 8192]} (13... Qe7+ $11 14. Kf2 Bxa1 15. Qxa1 Bxf3 16. Kxf3 Nd7) 14. Qxa1 Bxf3 15. gxf3 $2 ({Only move:} 15. O-O $18 {Intending Bb4+ and mate.} Ke8 16. Rxf3) 15... Qh4+ 16. Kd1 (16. Kf1 $1 $11) 16... Nc6 $17 17. Qc1 {Threatens to win with Qc5+.} Qxd4 {White must now prevent ...Rd8.} 18. Qa3+ $2 {This move loses the game for White.} (18. Kc2 $17 Qd6 19. Bc3 Nd4+ 20. Bxd4 Qxd4 21. Kb1) 18... Qd6 19. Qb2 $2 (19. Qxd6+ {was the only chance.} cxd6 20. Rg1) 19... Rd8 $19 20. Kc1 Qxd2+ (20... Nd4 $142 21. Bc3 Qh6+ 22. Kb1 Nxb3 23. axb3 Qg6+ 24. Ka2 Kf7) 21. Qxd2 Rxd2 22. Kxd2 {[%mdl 4096] Endgame KRB-KRN} Ke7 23. Kc3 Kf6 24. Rg1 (24. Re1 {was worth a try.}) 24... Rd8 25. f4 Nd4 {aiming for ...Ne2+.} 26. Rg5 Ne2+ 27. Kc2 Nxf4 {Accuracy: White = 33%, Black = 62%.} 0-1